| 000 | 00363nam a22001337a 4500 | ||
|---|---|---|---|
| 008 | 230605b xxu||||| |||| 00| 0 eng d | ||
| 082 |
_a328.052 _bJLS |
||
| 110 | _d2016 | ||
| 245 |
_aThe Journal of Legislative Studies _cTaylor & Francis |
||
| 260 |
_aUnited Kingdom _bTaylor & Francis _c2016 |
||
| 300 | _a152 p | ||
| 440 |
_x13572334 _n1 _pMarch _v22 |
||
| 942 |
_2ddc _cBK |
||
| 999 |
_c408 _d408 |
||